| 000 | 00643nam a22001817a 4500 | ||
|---|---|---|---|
| 003 | BD-DhUL | ||
| 005 | 20170508182501.0 | ||
| 008 | 170508s2001 bg ||||| |||| 00| 0 eng c | ||
| 040 |
_aBD-DhUL _cBD-DhUL |
||
| 082 |
_a891.44 _bNIG |
||
| 100 | 1 | _aনিউটন, জুলফিকার | |
| 245 | 1 | 0 |
_aগুহার গণতন্ত্র / _cজুলফিকার নিউটন |
| 260 |
_aঢাকা : _bতিলোত্তমা নিউটন , _c২০০১ |
||
| 300 |
_a২৫৫ পৃ. ; _c২২ সেমি |
||
| 650 | _aবাংলা সাহিত্য | ||
| 650 | _aBangla Literature | ||
| 942 |
_2ddc _cBK |
||
| 999 |
_c194672 _d194672 |
||